Cost accounting: principles and Practice (Record no. 101206)
[ view plain ]
| 000 -LEADER | |
|---|---|
| fixed length control field | 00516nam a2200205Ia 4500 |
| 003 - CONTROL NUMBER IDENTIFIER | |
| control field | OSt |
| 005 - DATE AND TIME OF LATEST TRANSACTION | |
| control field | 20220608150619.0 |
| 008 - FIXED-LENGTH DATA ELEMENTS--GENERAL INFORMATION | |
| fixed length control field | 210210b1998 xxu||||| |||| 00| 0 eng d |
| 040 ## - CATALOGING SOURCE | |
| Transcribing agency | ALeng |
| 082 ## - DEWEY DECIMAL CLASSIFICATION NUMBER | |
| Classification number | 657.42 JAIC |
| 100 ## - MAIN ENTRY--PERSONAL NAME | |
| Personal name | JAIN (S P) |
| 9 (RLIN) | 41140 |
| 245 ## - TITLE STATEMENT | |
| Title | Cost accounting: principles and Practice |
| 250 ## - EDITION STATEMENT | |
| Edition statement | 14 Rev. |
| 260 ## - PUBLICATION, DISTRIBUTION, ETC. | |
| Place of publication, distribution, etc. | Madras |
| Name of publisher, distributor, etc. | Kalyani Publishers |
| Date of publication, distribution, etc. | 1998 |
| 300 ## - PHYSICAL DESCRIPTION | |
| Extent | xv,5,453 |
| 690 ## - LOCAL SUBJECT ADDED ENTRY--TOPICAL TERM (OCLC, RLIN) | |
| Topical term or geographic name as entry element | Cost Accounting |
| 9 (RLIN) | 41141 |
| 700 ## - ADDED ENTRY--PERSONAL NAME | |
| Personal name | NARANG (K L) |
| 9 (RLIN) | 41142 |
| 906 ## - LOCAL DATA ELEMENT F, LDF (RLIN) | |
| a | 053412 |
| 942 ## - ADDED ENTRY ELEMENTS (KOHA) | |
| Source of classification or shelving scheme | Dewey Decimal Classification |
| Koha item type | Book |
| Withdrawn status | Lost status | Source of classification or shelving scheme | Damaged status | Not for loan | Collection code | Home library | Current library | Date acquired | Cost, normal purchase price | Total Checkouts | Full call number | Barcode | Date last seen | Price effective from | Koha item type |
|---|---|---|---|---|---|---|---|---|---|---|---|---|---|---|---|
| Dewey Decimal Classification | Commerce | St Aloysius Library | St Aloysius Library | 02/17/2021 | 180.00 | 657.42 JAIC | 053412 | 02/17/2021 | 02/17/2021 | Book | |||||
| Dewey Decimal Classification | Commerce | St Aloysius Library | St Aloysius Library | 02/17/2021 | 180.00 | 657.42 JAIC | 053410 | 02/17/2021 | 02/17/2021 | Book | |||||
| Dewey Decimal Classification | Commerce | St Aloysius Library | St Aloysius Library | 02/17/2021 | 180.00 | 657.42 JAIC | 053414 | 02/17/2021 | 02/17/2021 | Book | |||||
| Dewey Decimal Classification | Commerce | St Aloysius Library | St Aloysius Library | 02/17/2021 | 180.00 | 657.42 JAIC | 053411 | 02/17/2021 | 02/17/2021 | Book | |||||
| Dewey Decimal Classification | Commerce | St Aloysius Library | St Aloysius Library | 02/17/2021 | 180.00 | 657.42 JAIC | 053413 | 02/17/2021 | 02/17/2021 | Book |